OPAC | Catalogo Arcigay delle biblioteche LGBTQIA+

Il Catalogo di Arcigay delle Biblioteche LGBTQIA+ è un servizio fornito grazie alla collaborazione tra Arcigay nazionale e le associazioni locali aderenti al progetto che conservano e rendono pubbliche biblioteche a tema LGBTQIA+.

1: Aldrich, Bergman, Bertolucci, Bunuel, Chabrol, Morissey, Nichols, Pakula, Rafelson, Schlesinger, Varda e altri / (Record no. 20355)

MARC details
000 -LEADER
campo di controllo lung. fissa 00816nam a22002057ib4500
001 - Numero di controllo
campo di controllo IT\ICCU\SBL\0289402
003 - Identificatore del numero di controllo
campo di controllo ItRI
005 - Data e orario dell'ultima transazione
campo di controllo 20260115232314.0
008 - Elementi di lunghezza fissa--Informazione generale
campo di controllo lung. fissa 910930s1978 it |||||| ||||| |||||c
015 ## - Numero della bibliografia nazionale
Fonte IT
Numero della bibliografia nazionale 814533
040 ## - Fonte della catalogazione
Lingua della catalogazione ita
Agenzia che fa la trascrizione importazione bologna sebina
041 #7 - Codice di lingua
Codice di lingua del testo/traccia sonora o titolo separato ita
Fonte del codice ISO-639-2
100 1# - Accesso principale -- nome di persona
Nome di persona Mellen, Joan
Numero del record di authority o numero standard IT\ICCU\RAVV\054531
Relazione: aut
240 10 - Titolo uniforme
Titolo uniforme Women and their sexuality in the new film .
-- IT\ICCU\SBL\0289401
9 (RLIN) Mellen, Joan
245 13 - Formulazione del titolo
Titolo 1: Aldrich, Bergman, Bertolucci, Bunuel, Chabrol, Morissey, Nichols, Pakula, Rafelson, Schlesinger, Varda e altri /
Formulazione di responsabilità, ecc. Joan Mellen.
260 ## - Pubblicazione, distribuzione, ecc. (stampa)
Luogo di pubblicazione, distribuzione, ecc. Milano :
Nome dell'editore, distributore, ecc. La salamandra,
Data di pubblicazione, distribuzione, ecc. 1978
300 ## - Descrizione fisica
Estensione 152 p. :
Altre particolarità fisiche ill. ;
Dimensioni 20 cm
773 0# - Accesso d’item ospite
Numero di controllo della registrazione IT\ICCU\SBL\0289400
Titolo Donne e sessualità nel cinema d'oggi
Informazione sulla relazione 1
Intestazione principale Mellen, Joan
Codice record bibliografico contenente lo spoglio IT\ICCU\RAVV\054531
942 ## - Dati aggiuntivi (Koha)
Fonte della classificazione o dello schema di collocazione (segnatura) Classificazione decimale Dewey
Tipo copia default (Koha) Libri
Nasconto in Opac No
Holdings
Status ritirato Status smarrito: Status danneggiato: Escluso dal prestito Biblioteca di appartenenza Biblioteca corrente Data di acquisti Numero d'inventario Totale prestiti Collocazione Codice a barre Data ultima revisione Prezzo effettivo da Tipo copia default (Koha) Nota pubblica
        BOLOGNA | Centro di Documentazione "Flavia Madaschi" Cassero LGBTQIA+ Center BOLOGNA | Centro di Documentazione "Flavia Madaschi" Cassero LGBTQIA+ Center 15/01/2026 708   DOC 791.436 MEL BO708 15/01/2026 15/01/2026 Libri v. 1
Se cerchi informazioni su Arcigay, le puoi trovare nel nostro sito: www.arcigay.it